BIOFUELS, TOWARDS A GREENER AND SECURE ENERGY FUTURE (Record no. 860600)

MARC details
000 -LEADER
fixed length control field 00335nam a2200133Ia 4500
008 - FIXED-LENGTH DATA ELEMENTS--GENERAL INFORMATION
fixed length control field 230822s2008 xx 000 0 und d
020 ## - INTERNATIONAL STANDARD BOOK NUMBER
International Standard Book Number 8179930858
041 ## - LANGUAGE CODE
Language code of text/sound track or separate title eng
082 ## - DEWEY DECIMAL CLASSIFICATION NUMBER
Classification number 333.953'9
100 ## - MAIN ENTRY--PERSONAL NAME
Personal name BHOJVAID P.P.
245 ## - TITLE STATEMENT
Title BIOFUELS, TOWARDS A GREENER AND SECURE ENERGY FUTURE
260 ## - PUBLICATION, DISTRIBUTION, ETC.
Name of publisher, distributor, etc. TERY PRESS
Date of publication, distribution, etc. 2008
300 ## - PHYSICAL DESCRIPTION
Extent 506

No items available.